000 00476cam a22001457a 4500
008 180718b2004 xxu||||| |||| 00| 0 eng d
100 _aPaxson, Christina
245 _aChild health and the 1988-1992: economic crisis in Peru
_cby Christina Paxson and Norbert Schady
260 _aWashington, D.C.
_bWorld Bank
_c2004
300 _a26p.
440 _aPolicy research working paper; no. 3260
650 _aEconomic crisis
650 _aChild health
700 _aSchady, Norbert
999 _c290447
_d290447